000 00466cam a2200193 4500
001 D14482
008 090401t1966 xxu||||| |||| 00| 0 eng d
035 _a(Sirsi) u15981
041 _aeng
100 _aWillis, Arthur J
245 _aPractice and Procedure for the quantity surveyor
250 _a4th
260 _aLondon
_bCrosby Lockwood & Son
_c1966
350 _a0
520 _aShelf 137
700 _aWillis, C.J.
942 _n0
948 _c04/03/1997
999 _c87333
_d87333